Interregional and international risk sharing and lessons for EMU

Salvato in:
Dettagli Bibliografici
Autore principale: Mélitz, Jacques
Altri autori: Zumer, Frédéric
Natura: Libro
Lingua:inglese
Pubblicazione: San Domenico (FI) European University Institute 2000
Serie:EUI Working paper RSC No. 2000/2
Soggetti:
Tags: Aggiungi Tag
Nessun Tag, puoi essere il primo ad aggiungerne!!

MARC

LEADER 00000nam a2200000 4500
001 c132046
005 20221123132931.9
041 0 |a eng 
044 |a IT 
245 1 0 |a Interregional and international risk sharing and lessons for EMU  |c Jacques Mélitz and Frédéric Zumer 
264 1 |a San Domenico (FI)  |b European University Institute  |c 2000 
300 |a 39 s. 
490 1 |a EUI Working paper RSC  |v No. 2000/2 
830 0 |a EUI Working paper RSC  |v No. 2000/2 
610 2 0 |a riziko 
610 2 0 |a mena 
610 2 0 |a politika menová 
610 2 0 |a regióny 
610 2 0 |a poistenie 
610 2 0 |a Európska menová únia 
610 2 0 |a únie menové 
610 2 0 |a riziko úverové 
610 2 0 |a Európa 
100 1 |a Mélitz, Jacques 
700 1 |a Zumer, Frédéric